| 000 | 00841nmc a2200301 a 4500 | ||
|---|---|---|---|
| 003 | AR-Y00000XR | ||
| 005 | 20251128210659.0 | ||
| 008 | 086120s1996 ||||||||||||||000 | spa|| | ||
| 020 | _a0-8442-5880-6 | ||
| 040 | _cAR-Y00000XR | ||
| 245 | 1 | 0 |
_aDaughters of the Revolution _bclassic essays by women |
| 260 |
_aLincolnwood _bNTC Publishing Group _c1996 |
||
| 300 | 1 | _aviii, 213 p. | |
| 490 | 0 | _aNTC's library of classic essays | |
| 504 | _aContiene referencias bibliográficas | ||
| 650 | 4 | _aENSAYO | |
| 650 | 4 | _aANTOLOGIAS | |
| 650 | 4 | _aLITERATURA ESTADOUNIDENSE | |
| 650 | 4 | _aLITERATURA INGLESA | |
| 650 | 4 | _aFEMINISMO | |
| 650 | 4 | _aSOCIOLOGIA | |
| 650 | 4 | _aDERECHOS DE LA MUJER | |
| 653 | 0 | _aESTUDIOS DE GENERO | |
| 655 | _aLITERATURA | ||
| 700 | 1 |
_aLester, James D. _eeditor |
|
| 942 | _cBK | ||
| 998 | _cme-solo cat | ||
| 999 |
_c16409 _d16409 |
||